000 00860nam a2200265Ia 4500
003 OSt
005 20221007122402.0
006 a|||||r|||| 00| 0
007 ta
008 221006b |||||||| |||| 00| 0 eng d
020 _a9789812812254 (pbk)
024 _a83338
037 _b48, 02/01/2009, Aviva Books Company
_cTextbook
040 _aPAPL
_cPAPL
_beng
041 _2eng
_aeng
082 _aC, P8 Carpa
100 _aWalecka John Dirk
_9714176
245 0 _aIntroduction to modern physics:theoretical foundations
260 _aNew
_bJersey World Scientific
_c2008
300 _axv, 477p.
_ccm.
500 _aAppendix A-M, 391-454p.; Bibliography 455-459p.; Index 461-477p.
650 _aPhysics
942 _hC, P8 Carpa
_cTB
_2CC
999 _c1210257
_d1210257